00278nam a22000737a 4500008004100000040005500041245006500096260004300161230717b |||||||| |||| 00| 0 eng d aNational Science LibrarycNational Science Library aBibliography and index of geology exclusive of North America aUS: bAmerican Geological Institute,